| 000 | 00706nam a2200241 i 4500 | ||
|---|---|---|---|
| 001 | 22396 | ||
| 003 | BD-RjUL | ||
| 005 | 20211209000812.0 | ||
| 008 | 140308r19501912enk 000 1 eng | ||
| 035 | _a(BD-RjUL)22461 | ||
| 040 |
_aDLC _cDLC _dDLC _dBD-RjUL _beng |
||
| 041 | _aeng | ||
| 082 | 0 | 0 |
_a823 _bGAI 1950 |
| 100 | 1 |
_aGalsworthy, John, _d1867-1933. _969148 |
|
| 245 | 1 | 4 |
_aThe Inn of tranquillity : _band other impressions : verses new and old / _cJohn Galsworthy. |
| 260 |
_aLondon : _bWilliam Hei. Ltd., _c1950. |
||
| 300 |
_axii, 255 p. ; _c19 cm. |
||
| 650 | 0 |
_aEnglish fiction _969149 |
|
| 942 |
_2ddc _cBK |
||
| 999 |
_c22396 _d22396 |
||